Tekst piosenki "Livin' on a Prayer" - Statystyki

Ogólne statystyki
  • Ten quiz został rozwiązany 952 razy
  • Średni wynik to 9 z 20
Statystyki odpowiedzi
Tekst % Poprawnych
Whoa-Oh, livin' on a {prayer}
97%
Take my hand, we'll make it I {swear}
72%
Whoa, we're {half} {way} there
69%
She says we've gotta {hold} {on} to what we've got
59%
We'll give it a {shot}
58%
We've got {each} {other} and that's a lot for love
58%
if we {make} it or not
56%
It doesn't make a {difference} 
56%
it's {tough}, so {tough}
49%
Tommy used to work on the {docks}
44%
Gina works the {diner} all day
37%
When she cries in the {night}, Tommy whispers
35%
"Baby it's okay, {someday}"
33%
Gina dreams of {running} {away}. 
30%
Union's been on strike, he's down {on} {his} {luck}
30%
Working for her man, she brings home {her} {pay}, for love, for love
29%
We gotta hold on {ready} {or} {not}
26%
Tommy's got his {six} {string} in hock. 
24%
You live for the {fight} when it's all that you've got
20%
Now he's holding in what he used to make it {talk}, so tough, it's tough
19%
Nie znaleziono quizów pasujących do podanych kryteriów
Rozkład punktacji
Procent ludzi z każdym wynikiem
Percentyl według liczby udzielonych odpowiedzi
Twoja historia wyników
Nie rozwiązałeś tego quizu